MARC

LEADER 00000nam0a2200000 4500
001 2130
005 20231030173637.0
035 |a (RuTPU)RU\TPU\book\2139 
035 |a BOOK00002141 
090 |a 2130 
100 |a 20011209d1995 m y0rusy50 ca 
101 0 |a rus 
102 |a RU 
105 |a y z 000ab 
200 1 |a Толстовский листок. Толстой и о Толстом  |h Вып. 1  |f сост. В. А. Мороз 
205 |a 2-е изд. 
210 |a Москва  |c Мамонтовский дом  |c Музей русской народной живописи  |d 1995 
215 |a 116 с. 
512 1 |a Запрещенный Толстой 
600 1 |a Толстой  |g Лев Николаевич  |f 1829-1910  |c граф  |c русский писатель  |c член-корреспондент, почетный академик Петербургской АН  |b Л. Н.  |2 stltpui  |3 (RuTPU)RU\TPU\pers\497 
610 1 |a русская литература 
675 |a 8Р1(092)Толстой  |v 3 
702 1 |a Мороз  |b В. А.  |g Владимир Алексеевич  |4 220 
801 0 |a RU  |b 63413507  |c 20011209  |g PSBO 
801 2 |a RU  |b 63413507  |c 20201229  |g PSBO 
942 |c BK